Normal view
MARC view
- INDIA PAKISTAN STAND OFF.INDO PAK NUCLEAR MISSILES RACE.INDIAN DEFENCE BUDGET 2002-03.INDIAN WEAPONS SYSTEMS AND EQUIPMENTS
Entry Topical Term
001 - CONTROL NUMBER
- control field: 60953
003 - CONTROL NUMBER IDENTIFIER
- control field: NUST
005 - DATE AND TIME OF LATEST TRANSACTION
- control field: 20210628202646.0
008 - FIXED-LENGTH DATA ELEMENTS
- fixed length control field: 210628|| aca||aabn | a|a d
040 ## - CATALOGING SOURCE
- Original cataloging agency: NUST
- Transcribing agency: NUST
150 ## - HEADING--TOPICAL TERM
- Topical term or geographic name entry element: INDIA PAKISTAN STAND OFF.INDO PAK NUCLEAR MISSILES RACE.INDIAN DEFENCE BUDGET 2002-03.INDIAN WEAPONS SYSTEMS AND EQUIPMENTS
670 ## - SOURCE DATA FOUND
- Source citation: Work cat.: (NUST): Singh , R. K . Jasbir. Lt Gen 56605, Indian defence yearbook 2003, 2003
